Responses for Show #2280 - Friday, July 1, 1994

Contestants

[<< previous game]

Chuck Larkowski, a professor from Fairborn, Ohio

Cynthia Blietz, a librarian from Oak Lawn, Illinois

Dave Smith, a political analyst from Arlington, Virginia (whose 1-day cash winnings total $10,900)

[next game >>]

Jeopardy! Round responses

THE FOURTH OF JULY
FIREWORKS
THE FLAG
BASEBALL
MOTHERHOOD
AMERICANA
    $100 1
Walden Pond

Chuck
    $100 11
(Cynthia: What is gold? Or what is yellow?)

amber

CynthiaChuck
    $100 6
the Supreme Court

Chuck
    $100 25
Hank Aaron

Chuck
    $100 21
a shoe

Dave
    $100 16
the Constitution

Chuck
    $200 2
the Statue of Liberty

Dave
    $200 12
scares away the evil spirits

Chuck
    $200 7
under God

Chuck
    $200 26
Nolan Ryan

Dave
    $200 22
Barbara Bush

Dave
    $200 17
Athens

Chuck
    $300 3
(Dave: What is the U.S. Open?)

Wimbledon

DaveChuck
    $300 13
New York City

Cynthia
    $300 8
at half-staff

Dave
    $300 28
Joe DiMaggio

Cynthia
    $300 23
Benjamin Spock

Cynthia
    $300 18
(Alex: Sorry, Cynthia, not quickly enough.)

his own hat

Triple Stumper
    $400 4
Nebraska

Cynthia
    $400 14
a cherry bomb

Dave
    $400 9
13

Chuck
    $400 29
(Dave: Who are the, uh, Denver Rockies--[*]?)

the Colorado Rockies

Dave
    $400 24
Erma Bombeck

Chuck
    $400 19
Carson City

Cynthia
    $500 5
(Cynthia: Who is Madison?)
...
(Alex: Jefferson and Adams had died earlier.)

James Monroe

Cynthia
    $500 15
a flare

Dave
    $500 10
Baltimore

Dave
    $500 30
Sandy Koufax

Chuck
    $500 27
7

Chuck
    $500 20
Busch Gardens

Cynthia

Scores at the first commercial break (after clue 15):

Dave Cynthia Chuck
$1,600 $100 $1,400

Scores at the end of the Jeopardy! Round:

Dave Cynthia Chuck
$2,500 $1,600 $3,200

Double Jeopardy! Round responses

WORLD CITIES
MYTHOLOGY
THE 20th CENTURY
ANIMALS
GOVERNORS
LITERATURE
    $200 5
Berlin

Dave
    $200 3
a ram

Cynthia
    $200 16
D-Day

Dave
    $200 19
the web (silk)

Chuck
    $200 26
Huey Long

Chuck
    $200 1
War and Peace

Cynthia
    $400 6
Cairo

Dave
    $400 11
the Aegean Sea

Chuck
    $400 17
Gary Powers

Dave
    $400 20
scorpions

Chuck
    $400 27
Wilson

Chuck
    $400 2
King Solomon's mines

Chuck
    $600 7
Cardiff

Cynthia
    $600 12
Pandora's box

Chuck
    $600 18
the Rosenbergs

Cynthia
    $600 21
the (African) elephant

Cynthia
    $1,200 28
Lurleen Wallace

Chuck
    $600 4
Ship of Fools

Dave
    $800 10
Grenoble

Chuck
    $800 13
Hercules

Chuck
    $800 24
the Citadel

Cynthia
    $800 22
the mourning dove

Chuck
    $800 29
Chase

Dave
    $1,400 8
(Alex: Cynthia, take a guess.)
(Cynthia: Who is Ovid?)
...
(Alex: Author of the Aeneid.)

Virgil

Cynthia
    $1000 15
Maracaibo

Dave
    $1000 14
Medea

Dave
    $1000 25
Alger Hiss

Dave
    $1000 23
(Chuck: What is a toad?)

a salamander

Chuck
Triple Stumper
    $1000 30
(Chuck: What is North Dakota?)

South Dakota

DaveChuck
    $1000 9
"The Lottery"

Cynthia

Scores at the end of the Double Jeopardy! Round:

Dave Cynthia Chuck
$9,100 $4,200 $7,400

[wagering suggestions for these scores]

Final Jeopardy! Round responses

OPERETTAS
CynthiaWhat is the Student Prince
$4,198
ChuckWhat is The Mikado
$7,400
DaveWhat is The Mikado
$5,701
The Mikado

Final scores:

Dave Cynthia Chuck
$14,801 $2 $14,800
2-day champion: $25,701 3rd place: Tepal deep fryer, cookware set & toaster + Wheel of Fortune & Jeopardy! for Super Nintendo Entertainment System & Sega Genesis 2nd place: trip on Delta to Mexico & stay at Krystal Ixtapa

Game dynamics:

Coryat scores:

Dave Cynthia Chuck
$9,100 $6,100 $6,800
19 R,
1 W
13 R,
3 W
(including 2 DDs)
24 R
(including 1 DD),
2 W

Combined Coryat: $22,000

[game clues] [game scores] [suggest correction]

Game tape date: 1994-02-14
The J! Archive is created by fans, for fans. Scraping, republication, monetization, and malicious use prohibited; this site may use cookies and collect identifying information. See terms. The Jeopardy! game show and all elements thereof, including but not limited to copyright and trademark thereto, are the property of Jeopardy Productions, Inc. and are protected under law. This website is not affiliated with, sponsored by, or operated by Jeopardy Productions, Inc. Join the discussion at JBoard.tv.